[Event "Let's Play Chess!"]
[Site "http://www.queenalice.com/game.php?id=1296933"]
[Date "2014.7.24"]
[Round "-"]
[White "Knighthawk"]
[Black "blueyk"]
[Result "1-0"]
[WhiteElo "1570"]
[BlackElo "1459"]

1. d4 d5 2. c4 e6 3. c5 Nc6 4. Nf3 h6 5. Bf4 g5 6. Bg3 b6 7. Be5 f6 8. Bg3 Na5
9. cxb6 cxb6 10. e3 a6 11. Bd3 Ne7 12. O-O e5 13. dxe5 d4 14. Nxd4 Bg7 15. Qh5+
Kf8 16. exf6 Bxf6 17. Nd2 Bxd4 18. exd4 Qxd4 19. Qf3+ Ke8 20. Rfe1 Ra7 21. Re4
Qxb2 22. Rae1 Nc6 23. Nc4 Nd4 24. Rxe7+ Kd8 25. Qd5+ Bd7 26. Ne5 Kxe7 27. Nxd7+
Kd8 28. Nxb6+ Rd7 29. Qxd7# 1-0

[Event "Let's Play Chess!"]
[Site "http://www.queenalice.com/game.php?id=1298623"]
[Date "2014.8.1"]
[Round "-"]
[White "igorjava"]
[Black "blueyk"]
[Result "1-0"]
[WhiteElo "1793"]
[BlackElo "1469"]

1. e4 e5 2. f4 Nc6 3. Nf3 d5 4. exd5 Qxd5 5. fxe5 Be6 6. Nc3 Qd7 7. Bb5 a6 8.
Bxc6 bxc6 9. O-O h6 10. h3 Bc5+ 11. d4 Ba7 12. Ne2 Bc4 13. b3 Bxe2 14. Qxe2 c5
15. dxc5 Bxc5+ 16. Kh1 Ne7 17. Rd1 Qc6 18. Be3 Bb6 19. c4 Nf5 20. Bf2 O-O 21.
Rac1 Ne7 22. b4 Ng6 23. c5 Ba7 24. Nd4 Qd7 25. e6 Qd5 26. exf7+ Qxf7 27. Rf1 Qd5
28. Qe6+ Qxe6 29. Nxe6 Rfc8 30. Bd4 Rab8 31. a3 a5 32. Rb1 c6 33. Nxg7 Rb5 34.
Nf5 Bb8 35. Nxh6+ Kh7 36. Ng4 Bf4 37. Bc3 a4 38. Rbd1 Rb7 39. Nf6+ Kh6 40. Rd7
Rcc7 41. Rxc7 Rxc7 42. Ng4+ Kg5 43. Bf6+ Kh5 44. g3 Rd7 45. gxf4 Rd3 46. Ne5
Rxh3+ 47. Kg2 Rxa3 48. Nxc6 Kg4 49. Ne5+ Kf5 50. Nxg6 Kxg6 51. Be5 Kf7 52. Rb1
Rb3 53. Rxb3 axb3 54. Kf3 Ke6 55. Bb2 Kd5 56. Ke3 Kc4 57. c6 Kxb4 58. c7 Kb5 59.
c8=Q Kb6 60. Kd4 Kb5 61. Qc5+ Ka6 62. Qb4 Ka7 63. Kc5 Ka6 64. Qb6# 1-0

[Event "Challenge"]
[Site "http://www.queenalice.com/game.php?id=1299914"]
[Date "2014.8.7"]
[Round "-"]
[White "tucuman"]
[Black "blueyk"]
[Result "1/2-1/2"]
[WhiteElo "1643"]
[BlackElo "1445"]

1. e4 e5 2. Nf3 d5 3. exd5 c6 4. dxc6 Nxc6 5. Bb5 Qd5 6. Bxc6+ bxc6 7. Nc3 Qa5
8. O-O Bd6 9. d3 Bf5 10. Be3 Bg4 11. h3 Bxf3 12. Qxf3 Nh6 13. Ne4 Qc7 14. Nxd6+
Qxd6 15. a3 O-O 16. b4 f6 17. Bxh6 gxh6 18. Qh5 c5 19. Qxh6 cxb4 20. axb4 Qxb4
21. Qe3 a5 22. Rfb1 Qc3 23. Rc1 a4 24. Qe4 a3 25. Qc4+ Qxc4 26. dxc4 a2 27. c3
Rf7 28. Rc2 Rc7 29. Rcxa2 Rxa2 30. Rxa2 Rxc4 31. Ra6 Kg7 32. Ra3 h5 33. Kh2 Kg6
34. f3 f5 35. Rb3 Kh6 36. g3 e4 37. fxe4 fxe4 38. Rb6+ Kg7 39. Rb7+ Kg6 40. Rb6+
Kf5 41. Rb5+ Kg6 42. Rb6+ Kg7 43. Re6 Kh7 44. h4 Kg7 45. Kg2 Kh7 46. Re5 Kg6 47.
Kf2 Kh6 48. Ke3 Rxc3+ 49. Kf4 Rf3+ 50. Kxe4 Rxg3 51. Rf5 Rg4+ 52. Rf4 Rxf4+ 53.
Kxf4 Kg6 54. Ke5 Kg7 55. Kf5 Kh6 56. Kf4 Kg6 57. Ke5 Kg7 58. Kf5 1/2-1/2

[Event "Karl Marx."]
[Site "http://www.queenalice.com/game.php?id=1311170"]
[Date "2014.9.28"]
[Round "1"]
[White "blueyk"]
[Black "FisicaModerna"]
[Result "1-0"]
[WhiteElo "1482"]
[BlackElo "1825"]

1. e4 d6 2. Nc3 Nf6 3. Bc4 g6 4. d4 Bg7 5. Qf3 c5 6. Bb5+ Nbd7 7. e5 dxe5 8.
dxc5 a6 9. Ba4 O-O 10. Be3 Qa5 11. Bb3 Nxc5 12. Ne2 Nxb3 13. cxb3 Nh5 14. O-O-O
f5 15. Rd5 Qc7 16. g3 e4 17. Qg2 Be6 18. Rd2 Rfd8 19. Kb1 Rxd2 20. Bxd2 b5 21.
f4 Rd8 22. Bc1 Qc6 23. Rd1 Rxd1 24. Nxd1 a5 25. Nec3 b4 26. Na4 Nf6 27. Qc2
Qxc2+ 28. Kxc2 Nd5 29. Kb1 Bd4 30. Ka1 e3 31. a3 bxa3 32. Ndc3 Nxc3 33. bxc3 1-0

[Event "Fast 5"]
[Site "http://www.queenalice.com/game.php?id=1311815"]
[Date "2014.10.2"]
[Round "-"]
[White "Poison"]
[Black "blueyk"]
[Result "1-0"]
[WhiteElo "1772"]
[BlackElo "1453"]

1. e4 e5 2. Nf3 d6 3. Bc4 Be6 4. Bxe6 fxe6 5. d4 exd4 6. Nxd4 Qd7 7. Qh5+ g6 8.
Qh3 Na6 9. Qxe6+ Qxe6 10. Nxe6 Bh6 11. Bxh6 Nxh6 12. Nc3 Nb4 13. Nxc7+ Kd7 14.
Nxa8 Rxa8 15. O-O-O Nf7 16. f4 d5 17. a3 Na6 18. Rxd5+ Kc6 19. b4 Nc7 20. Rc5+
Kd7 21. Rd1+ Ke8 22. Rxc7 Kf8 23. Rdd7 Nh6 24. Rxh7 Ng8 25. Nd5 b6 26. Rcf7+ Ke8
27. Nc7+ Kd8 28. Rf8# 1-0

[Event "Let's Play Chess!"]
[Site "http://www.queenalice.com/game.php?id=1312395"]
[Date "2014.10.5"]
[Round "-"]
[White "amaisi"]
[Black "blueyk"]
[Result "1-0"]
[WhiteElo "1285"]
[BlackElo "1626"]

1. d4 d5 2. Nf3 h6 3. b3 Nc6 4. Bb2 e6 5. e3 Nf6 6. c4 Ne4 7. a3 Na5 8. Bd3 Ng5
9. cxd5 exd5 10. O-O Bg4 11. Be2 c6 12. Nxg5 Qxg5 13. Bxg4 b5 14. a4 b4 15. Nd2
h5 16. Bh3 g6 17. e4 Qh6 18. exd5 Bd6 19. dxc6 Nxc6 20. d5 Na5 21. Bxh8 Qxh8 22.
Ne4 Qe5 23. Ng3 f5 24. Re1 Nxb3 25. Rxe5+ Bxe5 26. Rb1 Nd4 27. Qe1 Kf7 28. Qxe5
Nc2 29. Qc7+ Kf8 30. Qxc2 Rb8 31. Qc5+ Kg7 32. Qc7+ Kh6 33. Qxb8 a5 34. f4 h4
35. Qh8# 1-0

[Event "Let's Play Chess!"]
[Site "http://www.queenalice.com/game.php?id=1312396"]
[Date "2014.10.5"]
[Round "-"]
[White "blueyk"]
[Black "amaisi"]
[Result "1-0"]
[WhiteElo "1575"]
[BlackElo "1292"]

1. e4 e6 2. d4 d5 3. Nc3 Bb4 4. a3 Bxc3+ 5. bxc3 dxe4 6. Be3 Nf6 7. c4 b6 8. d5
exd5 9. cxd5 Nxd5 10. Bb5+ c6 11. Bc4 O-O 12. Ne2 Nxe3 13. fxe3 Qxd1+ 14. Rxd1
Ba6 15. Rd4 Bxc4 16. Rxc4 Re8 17. O-O g6 18. Nc3 f5 19. h3 b5 20. Rd4 a5 21. Ne2
Na6 22. Rd6 c5 23. Nf4 Red8 24. Rfd1 b4 25. Rxd8+ Rxd8 26. Rxd8+ Kf7 27. Ra8 1-0

[Event "Let's Play Chess!"]
[Site "http://www.queenalice.com/game.php?id=1312605"]
[Date "2014.10.5"]
[Round "-"]
[White "blueyk"]
[Black "gobblemate"]
[Result "0-1"]
[WhiteElo "1466"]
[BlackElo "1658"]

1. e4 e6 2. d4 d5 3. Nc3 c5 4. Bb5+ Nc6 5. exd5 exd5 6. Nf3 a6 7. Bxc6+ bxc6 8.
b3 cxd4 9. Qxd4 Nf6 10. h3 Be7 11. O-O O-O 12. Na4 Be6 13. Ne5 Qd6 14. Bf4 c5
15. Qd3 Ne4 16. c3 Bf6 17. f3 Bxe5 18. Bxe5 Qxe5 19. fxe4 dxe4 20. Qe3 Rac8 21.
Qf4 Qxf4 22. Rxf4 f5 23. Rd1 c4 24. Rd6 cxb3 25. Rxe6 bxa2 26. Rf1 Rb8 27. Rb6
Rxb6 28. Nxb6 Rb8 29. Nc4 Rb1 30. Nd2 Rxf1+ 31. Nxf1 a1=Q 32. Kf2 Qxc3 33. Ng3
e3+ 34. Ke2 a5 35. Nxf5 a4 36. Nd6 a3 37. Nb5 Qc4+ 38. Kxe3 Qxb5 39. Kf3 a2 40.
g4 a1=Q 41. Kg3 h5 42. gxh5 Qc3+ 43. Kg4 Qbe5 44. h4 Qcg3# 0-1

[Event "OS INCLIVEIS"]
[Site "http://www.queenalice.com/game.php?id=1317621"]
[Date "2014.10.24"]
[Round "-"]
[White "adelio"]
[Black "blueyk"]
[Result "1-0"]
[WhiteElo "1811"]
[BlackElo "1512"]

1. d4 d5 2. e4 dxe4 3. Nc3 Bf5 4. f3 Nf6 5. g4 Be6 6. h3 c6 7. b4 Na6 8. a3 b5
9. fxe4 Bc4 10. Nf3 e6 11. Ne5 Bxf1 12. Rxf1 Bd6 13. Nxf7 Kxf7 14. g5 Ke8 15. e5
Be7 16. gxf6 gxf6 17. Qh5+ Kd7 18. exf6 Bf8 19. Qf7+ Be7 20. fxe7 Qxe7 21. Bg5
Qxf7 22. Rxf7+ Kc8 23. O-O-O h6 24. Bf6 Rg8 25. Re1 Rg3 26. Rxe6 Rg1+ 27. Kb2
Nc7 28. Rxc6 Re1 29. Rfxc7+ Kb8 30. Nxb5 a6 31. Rc8+ Kb7 32. Nd6+ Ka7 33. R6c7+
Kb6 34. Rb7# 1-0

[Event "OS INCLIVEIS"]
[Site "http://www.queenalice.com/game.php?id=1317622"]
[Date "2014.10.24"]
[Round "-"]
[White "blueyk"]
[Black "adelio"]
[Result "0-1"]
[WhiteElo "1508"]
[BlackElo "1802"]

1. e4 g6 2. Nc3 e5 3. Nf3 d6 4. d4 Be7 5. g3 Bg4 6. Bg2 Nc6 7. Nd5 Nxd4 8. b3 c6
9. Ne3 h5 10. h3 Bxf3 11. Bxf3 Nxf3+ 12. Qxf3 Nf6 13. O-O Kd7 14. Nc4 Ng4 15.
hxg4 hxg4 16. Qxg4+ Kc7 17. Be3 g5 18. Rfd1 Qd7 19. Qe2 Qh3 20. Qf3 Rh5 21. a4
Rah8 22. a5 g4 23. Bb6+ Kd7 24. Nxe5+ Rxe5 25. Qg2 Reh5 26. Kf1 axb6 27. a6 bxa6
28. Rxa6 Bf6 29. Rxb6 Bc3 30. b4 Re8 31. e5 Qh1+ 32. Qxh1 Rxh1+ 33. Ke2 Rxe5+
34. Kd3 Rxd1+ 35. Kxc3 Kc7 36. Ra6 Kb7 37. Ra5 d5 38. Kb2 Re2 39. Kc3 Rxf2 40.
Kb2 Rdd2 41. Ra1 Rxc2+ 42. Kb3 d4 43. Rh1 Rc3+ 44. Ka4 Ra2# 0-1

[Event "Challenge"]
[Site "http://www.queenalice.com/game.php?id=1317994"]
[Date "2014.10.26"]
[Round "-"]
[White "gobblemate"]
[Black "blueyk"]
[Result "0-1"]
[WhiteElo "1666"]
[BlackElo "1458"]

1. d4 d5 2. c4 dxc4 3. e4 Nc6 4. d5 Ne5 5. f4 Bg4 6. Be2 Nd3+ 7. Kf1 Nf6 8. Bxg4
Nxg4 9. Qa4+ Qd7 10. Qxc4 Ndf2 11. Nf3 b5 12. Qe2 Nxh1 13. Bd2 Nxh2+ 14. Kg1 Ng3
15. Qf2 Nxe4 16. Qd4 Nxf3+ 17. gxf3 Nxd2 18. Nxd2 c6 0-1

[Event "OS INCLIVEIS"]
[Site "http://www.queenalice.com/game.php?id=1320125"]
[Date "2014.11.3"]
[Round "-"]
[White "adelio"]
[Black "blueyk"]
[Result "0-1"]
[WhiteElo "1742"]
[BlackElo "1526"]

1. b4 e5 2. b5 d5 3. e3 Bf5 4. g4 Be4 5. Nf3 Qf6 6. Bg2 c6 7. a4 a6 8. h4 cxb5
9. axb5 a5 10. h5 h6 11. Nc3 Bxf3 12. Bxf3 e4 13. Nxd5 Qxa1 14. Bxe4 Bd6 15. f4
Nd7 16. c3 Nc5 17. Bf5 Nf6 18. Nxf6+ gxf6 19. O-O Qa2 20. Bc2 Qe6 21. Bf5 Qd5
22. Qc2 Nb3 23. e4 Qc5+ 24. d4 Qc4 25. e5 Bc7 26. Bd3 Qd5 27. exf6 Nxc1 28. Re1+
Kf8 29. Qxc1 Qf3 30. Qa3+ Kg8 31. Be4 Qg3+ 32. Kf1 Qxf4+ 33. Kg1 Qxg4+ 34. Bg2
Qxh5 35. Re5 Bxe5 36. dxe5 Qxe5 37. c4 Qd4+ 38. Kh2 Qxc4 39. Qg3+ Kf8 40. Qg7+
Ke8 41. Qxh8+ Kd7 42. Bh3+ Kd6 43. Qxh6 Qxb5 44. Qd2+ Qd5 45. Qe2 Rh8 46. Qe7+
Kc6 47. Qe3 Qd6+ 48. Kg2 Qxf6 49. Qc1+ Kb6 50. Qe3+ Kb5 51. Bd7+ Kb4 52. Qe4+
Kc5 53. Qe3+ Qd4 54. Qe7+ Kb6 55. Qxf7 Qe4+ 56. Kg3 Qe1+ 57. Qf2+ Qxf2+ 58. Kxf2
Rd8 59. Bg4 a4 60. Ke3 Kc5 61. Bh5 Kb4 62. Bf7 Rf8 63. Ba2 Kc3 64. Ke2 Kb2 65.
Bc4 Rc8 66. Bf7 b5 67. Kd1 b4 68. Kd2 b3 69. Kd1 a3 70. Kd2 a2 71. Bxb3 Kxb3 72.
Ke3 a1=Q 73. Ke4 Qe1+ 74. Kf5 Kc4 75. Kg6 Qe6+ 76. Kg7 Rc7+ 77. Kh8 Qe8# 0-1

[Event "OS INCLIVEIS"]
[Site "http://www.queenalice.com/game.php?id=1320126"]
[Date "2014.11.3"]
[Round "-"]
[White "blueyk"]
[Black "adelio"]
[Result "0-1"]
[WhiteElo "1508"]
[BlackElo "1740"]

1. Nf3 c5 2. d4 Nc6 3. dxc5 e5 4. Bg5 f6 5. Bh4 Bxc5 6. e3 a6 7. Bc4 Nge7 8. c3
d5 9. b4 Bxe3 10. fxe3 dxc4 11. Na3 b5 12. h3 Ra7 13. O-O Rd7 14. Qe2 g5 15. Bg3
Nf5 16. Bf2 Qc7 17. e4 Nh4 18. Nd2 h5 19. Qe3 Rd3 20. Qe1 Nxg2 21. Kxg2 Bxh3+
22. Kg1 Qd7 23. Rd1 Qg4+ 24. Bg3 Rxg3+ 25. Kh1 Bg2+ 26. Kg1 Bxe4+ 27. Kf2 Rg2+
28. Ke3 Bd3 29. Ne4 Qxe4# 0-1

[Event "OS INCLIVEIS"]
[Site "http://www.queenalice.com/game.php?id=1320130"]
[Date "2014.11.3"]
[Round "-"]
[White "adelio"]
[Black "blueyk"]
[Result "0-1"]
[WhiteElo "1714"]
[BlackElo "1501"]

1. a3 e5 2. b4 d6 3. e4 d5 4. Be2 Nf6 5. d3 g6 6. Nf3 Bd6 7. h4 Nc6 8. h5 Nxh5
9. Rxh5 gxh5 10. Ng5 Ne7 11. Nxf7 Kxf7 12. Bg5 Qg8 13. Bxh5+ Ng6 14. Qf3+ Ke8
15. Nc3 c6 16. Qf6 Kd7 17. Bg4+ Kc7 18. Bf3 Be7 19. Nxd5+ cxd5 20. Qxh8 Qxh8 21.
Bxe7 Nxe7 22. exd5 Nf5 23. Be4 Nd4 24. Kd2 Bd7 25. Rb1 h5 26. Re1 Qf8 27. f3
Qh6+ 28. Re3 Nb5 29. a4 Na3 30. b5 Nb1+ 31. Ke2 Rg8 32. Kf2 Nc3 33. d6+ Qxd6 34.
Re1 Qc5+ 35. Kf1 Nxa4 36. c4 Qd4 37. g4 hxg4 38. f4 exf4 39. Kg2 Qb2+ 40. Kg1 f3
41. b6+ Qxb6+ 42. Kf1 Rh8 43. Bxf3 gxf3 44. c5 Qb3 45. Re3 Qd1+ 46. Kf2 Bc6 47.
Re7+ Kc8 48. Re3 Nxc5 49. Kg3 Qg1+ 50. Kf4 Rh4+ 51. Kf5 f2 52. Ke5 f1=Q 53. Kd6
Qxe3 54. d4 Na4 55. d5 Qf6# 0-1

[Event "Let's Play Chess!"]
[Site "http://www.queenalice.com/game.php?id=1323621"]
[Date "2014.11.22"]
[Round "-"]
[White "paolop69"]
[Black "blueyk"]
[Result "0-1"]
[WhiteElo "1750"]
[BlackElo "1551"]

1. e4 e5 2. Bc4 Nf6 3. d3 c6 4. c3 d5 5. Bb3 dxe4 6. dxe4 Qxd1+ 7. Bxd1 Nxe4 8.
Nd2 Nxd2 9. Bxd2 Bd6 10. Bf3 O-O 11. Ne2 f5 12. O-O-O e4 13. Bh5 Be6 14. Be3 Be7
15. Nf4 Bxa2 16. Be2 Rf6 17. Nh5 Rf7 18. Nf4 g5 19. Nh5 f4 20. Bd4 c5 21. Be5
Nc6 22. Bd6 Nd4 23. cxd4 Bxd6 24. Rd2 cxd4 25. Rc2 d3 26. Bxd3 exd3 27. Rc3 Be5
28. Rc5 Rd7 29. Rxe5 d2+ 30. Kd1 Bb3+ 31. Ke2 d1=Q+ 32. Rxd1 Bxd1+ 33. Ke1 Bxh5
34. Rxg5+ Kf7 35. Rxh5 Re8+ 0-1

[Event "Karl Marx."]
[Site "http://www.queenalice.com/game.php?id=1324334"]
[Date "2014.11.26"]
[Round "2"]
[White "Leovitor"]
[Black "blueyk"]
[Result "0-1"]
[WhiteElo "1908"]
[BlackElo "1598"]

1. e4 e5 2. f4 Nc6 3. Nf3 d6 4. Bc4 Nh6 5. d3 Bg4 6. O-O Be7 7. fxe5 dxe5 8.
Bxh6 Bc5+ 9. Kh1 gxh6 10. Bxf7+ Ke7 11. Nbd2 Kd7 12. Bd5 Be3 13. Qe1 Bb6 14.
Bxc6+ bxc6 15. Nxe5+ Ke6 0-1

[Event "Let's Play!"]
[Site "http://www.queenalice.com/game.php?id=1324511"]
[Date "2014.11.27"]
[Round "-"]
[White "blueyk"]
[Black "digger"]
[Result "1/2-1/2"]
[WhiteElo "1637"]
[BlackElo "1696"]

1. e4 d5 2. d4 dxe4 3. Nc3 Bf5 4. Be3 Nc6 5. a3 e5 6. dxe5 Qxd1+ 7. Nxd1 Nxe5 8.
b3 c6 9. Nc3 b6 10. Ba6 c5 11. Nb5 Rd8 12. Ne2 Nf6 13. Nxa7 Ra8 14. Bb5+ Bd7 15.
Bxd7+ Nexd7 16. Nb5 Ng4 17. Nc7+ Kd8 18. Nxa8 Bd6 19. Bg5+ f6 20. Bf4 Bxf4 21.
Nxf4 e3 22. f3 Nh6 23. O-O-O Kc8 24. Nd5 Kb7 25. Nac7 Nf5 26. Ne6 g5 27. Ng7
Nxg7 28. Nxe3 Nb8 29. Nc4 Ne6 30. Nd6+ Ka6 31. Nf7 Re8 32. Nh6 Nc6 33. Rd7 Nf8
34. Rf7 Ne5 35. Rxf6 Ned7 36. Rf5 Ne6 37. Rf7 Nef8 38. Rxd7 Nxd7 39. Rd1 Nf6 40.
Nf7 g4 41. Rd6 gxf3 42. gxf3 Nh5 43. Rh6 Nf4 44. Nd6 Ne2+ 45. Kb2 Re7 46. Nc4
Rb7 47. h4 Nd4 48. Nd6 Rd7 49. Nc4 Nxf3 50. a4 Ka7 51. h5 Ng5 52. a5 b5 53. Ne5
Rd5 54. Ng4 c4 55. Nf6 Rd6 56. Ng4 Rxh6 57. Nxh6 cxb3 58. Kxb3 Ka6 59. Kb4 Nf3
60. Nf5 Ne5 61. Nd4 h6 62. Nxb5 Nc6+ 63. Ka4 Nxa5 64. Nd6 Kb6 65. Nf5 Nc4 66.
Nxh6 Ne3 67. Kb3 Nd5 68. Nf7 Nf6 69. h6 Kc7 70. Kc4 Kd7 71. Kd4 Ke7 72. Ng5 Kd6
73. h7 Nxh7 74. Nxh7 Kc6 75. c4 Kd6 76. Ng5 Kc6 77. Nf7 Kd7 78. Kd5 Kc7 79. c5
Kd7 80. Ne5+ Kc7 81. Ng6 Kd7 82. Ne5+ Kc7 83. c6 Kd8 84. Kd6 Kc8 85. c7 Kb7 86.
Kd7 Kb6 87. c8=Q Kb5 88. Qc6+ Kb4 89. Qc4+ Ka3 90. Nd3 1/2-1/2

[Event "Let's Play!"]
[Site "http://www.queenalice.com/game.php?id=1324512"]
[Date "2014.11.27"]
[Round "-"]
[White "digger"]
[Black "blueyk"]
[Result "0-1"]
[WhiteElo "1631"]
[BlackElo "1580"]

1. e4 e5 2. d4 Nf6 3. Nc3 Nc6 4. d5 Nd4 5. Bc4 c6 6. Be3 Bc5 7. dxc6 dxc6 8.
Bxd4 Qxd4 9. Qxd4 Bxd4 10. Nf3 Be6 11. Bd3 h6 12. O-O g5 13. Nd1 g4 14. Nxd4
exd4 15. Re1 b5 16. b3 h5 17. e5 Nd5 18. c4 bxc4 19. bxc4 Nf4 20. Be4 Bd7 21. c5
O-O 22. g3 Nh3+ 23. Kg2 Ng5 24. Rb1 Rab8 25. Rxb8 Rxb8 26. Re2 Rb5 27. h4 Ne6
28. Rd2 Rxc5 29. Nb2 Rxe5 30. Bd3 c5 31. Nc4 Re1 32. Nd6 Bc6+ 33. Kh2 a6 34.
Bxa6 Bf3 35. Bc4 Rh1# 0-1

[Event "Karl Marx."]
[Site "http://www.queenalice.com/game.php?id=1335886"]
[Date "2015.1.20"]
[Round "4"]
[White "oldfool"]
[Black "blueyk"]
[Result "0-1"]
[WhiteElo "1474"]
[BlackElo "1651"]

1. d4 d5 2. Nf3 g6 3. e3 Nc6 4. a3 Bf5 5. h3 e6 6. Ng5 Qxg5 7. e4 Qf6 8. exf5
Qxd4 9. Nd2 Bc5 10. Qf3 Qe5+ 11. Be2 Nd4 12. Qd3 Nxe2 13. Qxe2 Qxe2+ 14. Kxe2
exf5 15. Re1 O-O-O 16. Kf1 Nf6 17. Kg1 Rde8 18. Nf3 Rxe1+ 19. Nxe1 Ne4 20. Be3
Bxe3 21. fxe3 Ng3 22. Nd3 g5 23. Rd1 f6 24. Nc5 f4 25. Rxd5 fxe3 26. Nd3 Ne2+
27. Kh2 h5 28. Rf5 Rf8 29. Nc5 Nd4 30. Rf1 Nxc2 31. Nd3 Nd4 32. Kg3 a5 33. Rd1
e2 34. Rd2 Rd8 35. Kf2 Nb3 36. Kxe2 Re8+ 37. Kd1 Nxd2 38. Kxd2 h4 39. Ne1 b5 0-1